000 01230nam a2200313 i 4500
001 bg
003 BPK
005 20220728132541.0
008 s2003 pl d f |000 0 pol
020 _a8388933396
020 _a8388933787
040 _cBPK
041 0 _apol
080 _a631/635
080 _a(075.3.053.7)
100 1 _aKowalak, Zbigniew.
245 1 0 _aProdukcja rolnicza :
_bpodręcznik dla liceum profilowanego - profil rolniczo-spożywczy.
_nCz. 3,
_pWybrane technologie produkcji roślinnej /
_cZbigniew Kowalak.
246 3 0 _aWybrane technologie produkcji roślinnej
260 _aPoznań :
_bOficyna Ekonomiczna Wydawnictwa eMPi²,
_c2003.
300 _a131, [1] s. :
_brys. ;
_c24 cm.
490 1 _aMateriały i Podręczniki Mariana Pietraszewskiego
650 4 _aRośliny
_xuprawa.
655 4 _aPodręczniki dla szkół zawodowych
650 4 _aOgrodnictwo
856 _uhttp://koha.tu.koszalin.pl/cgi-bin/koha/opac-detail.pl?biblionumber=51895
_yKatalog online BPK
830 _aMateriały i Podręczniki Mariana Pietraszewskiego
942 _cKS
_2UKD
999 _c51895
_d51895